<?xml version="1.0" encoding="UTF-8"?>
<record
    xmlns:xsi="http://www.w3.org/2001/XMLSchema-instance"
    xsi:schemaLocation="http://www.loc.gov/MARC21/slim http://www.loc.gov/standards/marcxml/schema/MARC21slim.xsd"
    xmlns="http://www.loc.gov/MARC21/slim">

  <leader>01197nas a2200265 454500</leader>
  <controlfield tag="001">31231</controlfield>
  <controlfield tag="005">20260407193508.0</controlfield>
  <controlfield tag="008">260407s1996####ag###########|||spa#d</controlfield>
  <controlfield tag="003">AR-UNSa-BCEJYS</controlfield>
  <datafield tag="040" ind1=" " ind2=" ">
    <subfield code="a">AR-UNSa-BCEJYS</subfield>
    <subfield code="b">spa</subfield>
    <subfield code="c">AR-UNSa-BCEJYS</subfield>
  </datafield>
  <datafield tag="080" ind1=" " ind2=" ">
    <subfield code="a">330</subfield>
    <subfield code="x">Econom&#xED;a en general</subfield>
  </datafield>
  <datafield tag="245" ind1="1" ind2="0">
    <subfield code="a">Propuestas</subfield>
  </datafield>
  <datafield tag="022" ind1=" " ind2=" ">
    <subfield code="a">1669-3922</subfield>
  </datafield>
  <datafield tag="264" ind1=" " ind2="1">
    <subfield code="a">San Miguel de Tucum&#xE1;n :</subfield>
    <subfield code="b">Universidad del Norte Santo Tom&#xE1;s de Aquino. Facultad de Econom&#xED;a y Administraci&#xF3;n</subfield>
    <subfield code="c">1996</subfield>
  </datafield>
  <datafield tag="310" ind1=" " ind2=" ">
    <subfield code="a">Frecuencia: Irregular
Cambia de t&#xED;tulo  por: Propuestas Econ&#xF3;micas y Sociales
Cambia de Director a partir del N&#xBA; 14 por V&#xED;ctor Iajya ; Juan Mario Jorrat ; Eduardo Ricobelli ; Gustavo Wallberg ; Sebasti&#xE1;n Zanoni
Cambia de Director a partir del N&#xBA; 15 por Ana Cerro</subfield>
  </datafield>
  <datafield tag="041" ind1=" " ind2=" ">
    <subfield code="a">spa</subfield>
  </datafield>
  <datafield tag="942" ind1=" " ind2=" ">
    <subfield code="c">SER</subfield>
  </datafield>
  <datafield tag="590" ind1=" " ind2=" ">
    <subfield code="a">niveau_biblio:s niveau_hierar:1</subfield>
  </datafield>
  <datafield tag="100" ind1="1" ind2=" ">
    <subfield code="a">Universidad del Norte Santo Tom&#xE1;s de Aquino. Facultad de Econom&#xED;a y Administraci&#xF3;n</subfield>
  </datafield>
  <datafield tag="700" ind1="1" ind2=" ">
    <subfield code="a">Fontdevilla, Eugenia</subfield>
  </datafield>
  <datafield tag="650" ind1=" " ind2=" ">
    <subfield code="a">CONTABILIDAD</subfield>
  </datafield>
  <datafield tag="650" ind1=" " ind2=" ">
    <subfield code="a">ADMINISTRACION DE EMPRESAS</subfield>
  </datafield>
  <datafield tag="650" ind1=" " ind2=" ">
    <subfield code="a">ECONOMIA</subfield>
  </datafield>
  <datafield tag="856" ind1="4" ind2="1">
    <subfield code="u">https://biblioeco.unsa.edu.ar/pmb/images/revistas/Reparto o capitalizacion-r.jpg</subfield>
    <subfield code="y">Imagen de portada</subfield>
    <subfield code="q">image/jpeg</subfield>
  </datafield>
  <datafield tag="999" ind1=" " ind2=" ">
    <subfield code="c">8705</subfield>
    <subfield code="d">8705</subfield>
  </datafield>
  <datafield tag="952" ind1=" " ind2=" ">
    <subfield code="0">0</subfield>
    <subfield code="1">0</subfield>
    <subfield code="4">0</subfield>
    <subfield code="7">0</subfield>
    <subfield code="a">BCEJYS</subfield>
    <subfield code="b">BCEJYS</subfield>
    <subfield code="c">17</subfield>
    <subfield code="d">2007-06-01</subfield>
    <subfield code="h">A&#xF1;o 12, N&#xBA; 17 - jun. 2007</subfield>
    <subfield code="l">0</subfield>
    <subfield code="o">H330 UNS 17</subfield>
    <subfield code="p">R15147</subfield>
    <subfield code="r">2026-04-10 16:09:00</subfield>
    <subfield code="w">2026-04-10</subfield>
    <subfield code="y">RN</subfield>
  </datafield>
  <datafield tag="952" ind1=" " ind2=" ">
    <subfield code="0">0</subfield>
    <subfield code="1">0</subfield>
    <subfield code="4">0</subfield>
    <subfield code="7">0</subfield>
    <subfield code="a">BCEJYS</subfield>
    <subfield code="b">BCEJYS</subfield>
    <subfield code="c">17</subfield>
    <subfield code="d">2006-12-01</subfield>
    <subfield code="h">A&#xF1;o 11, N&#xBA; 16 - dic. 2006</subfield>
    <subfield code="l">0</subfield>
    <subfield code="o">H330 UNS 16</subfield>
    <subfield code="p">R15146</subfield>
    <subfield code="r">2026-04-10 16:09:00</subfield>
    <subfield code="w">2026-04-10</subfield>
    <subfield code="y">RN</subfield>
  </datafield>
  <datafield tag="952" ind1=" " ind2=" ">
    <subfield code="0">0</subfield>
    <subfield code="1">0</subfield>
    <subfield code="4">0</subfield>
    <subfield code="7">0</subfield>
    <subfield code="a">BCEJYS</subfield>
    <subfield code="b">BCEJYS</subfield>
    <subfield code="c">17</subfield>
    <subfield code="d">2006-09-01</subfield>
    <subfield code="h">A&#xF1;o 11, N&#xBA; XV - sep. 2006</subfield>
    <subfield code="l">0</subfield>
    <subfield code="o">H330 UNS 15</subfield>
    <subfield code="p">R01936</subfield>
    <subfield code="r">2026-04-10 16:09:00</subfield>
    <subfield code="w">2026-04-10</subfield>
    <subfield code="y">RN</subfield>
  </datafield>
  <datafield tag="952" ind1=" " ind2=" ">
    <subfield code="0">0</subfield>
    <subfield code="1">0</subfield>
    <subfield code="4">0</subfield>
    <subfield code="7">0</subfield>
    <subfield code="a">BCEJYS</subfield>
    <subfield code="b">BCEJYS</subfield>
    <subfield code="c">17</subfield>
    <subfield code="d">2005-12-01</subfield>
    <subfield code="h">A&#xF1;o 10, N&#xBA;14 - dic. 2005</subfield>
    <subfield code="l">0</subfield>
    <subfield code="o">H330 UNS 14</subfield>
    <subfield code="p">R01772</subfield>
    <subfield code="r">2026-04-10 16:09:00</subfield>
    <subfield code="w">2026-04-10</subfield>
    <subfield code="y">RN</subfield>
  </datafield>
  <datafield tag="952" ind1=" " ind2=" ">
    <subfield code="0">0</subfield>
    <subfield code="1">0</subfield>
    <subfield code="4">0</subfield>
    <subfield code="7">0</subfield>
    <subfield code="a">BCEJYS</subfield>
    <subfield code="b">BCEJYS</subfield>
    <subfield code="c">17</subfield>
    <subfield code="d">2004-03-01</subfield>
    <subfield code="h">N&#xBA; 12 - mar. 2004</subfield>
    <subfield code="l">0</subfield>
    <subfield code="o">H330 UNS 12</subfield>
    <subfield code="p">R15118</subfield>
    <subfield code="r">2026-04-10 16:09:00</subfield>
    <subfield code="w">2026-04-10</subfield>
    <subfield code="y">RN</subfield>
  </datafield>
  <datafield tag="952" ind1=" " ind2=" ">
    <subfield code="0">0</subfield>
    <subfield code="1">0</subfield>
    <subfield code="4">0</subfield>
    <subfield code="7">0</subfield>
    <subfield code="a">BCEJYS</subfield>
    <subfield code="b">BCEJYS</subfield>
    <subfield code="c">17</subfield>
    <subfield code="d">2000-07-01</subfield>
    <subfield code="h">A&#xF1;o 6, N&#xBA; 10 - jul. 2000</subfield>
    <subfield code="l">0</subfield>
    <subfield code="o">H330 UNS 10</subfield>
    <subfield code="p">R20453</subfield>
    <subfield code="r">2026-04-10 16:09:00</subfield>
    <subfield code="w">2026-04-10</subfield>
    <subfield code="y">RN</subfield>
  </datafield>
  <datafield tag="952" ind1=" " ind2=" ">
    <subfield code="0">0</subfield>
    <subfield code="1">0</subfield>
    <subfield code="4">0</subfield>
    <subfield code="7">0</subfield>
    <subfield code="a">BCEJYS</subfield>
    <subfield code="b">BCEJYS</subfield>
    <subfield code="c">17</subfield>
    <subfield code="d">1999-10-01</subfield>
    <subfield code="h">A&#xF1;o 5, N&#xBA; 9 - oct. 1999</subfield>
    <subfield code="l">0</subfield>
    <subfield code="o">H330 UNS 9</subfield>
    <subfield code="p">R20452</subfield>
    <subfield code="r">2026-04-10 16:09:00</subfield>
    <subfield code="w">2026-04-10</subfield>
    <subfield code="y">RN</subfield>
  </datafield>
  <datafield tag="952" ind1=" " ind2=" ">
    <subfield code="0">0</subfield>
    <subfield code="1">0</subfield>
    <subfield code="4">0</subfield>
    <subfield code="7">0</subfield>
    <subfield code="a">BCEJYS</subfield>
    <subfield code="b">BCEJYS</subfield>
    <subfield code="c">17</subfield>
    <subfield code="d">1997-10-01</subfield>
    <subfield code="h">A&#xF1;o 3, N&#xBA; 5 - oct. 1997</subfield>
    <subfield code="l">0</subfield>
    <subfield code="o">H330 UNS 5</subfield>
    <subfield code="p">R20450</subfield>
    <subfield code="r">2026-04-10 16:09:00</subfield>
    <subfield code="w">2026-04-10</subfield>
    <subfield code="y">RN</subfield>
  </datafield>
  <datafield tag="952" ind1=" " ind2=" ">
    <subfield code="0">0</subfield>
    <subfield code="1">0</subfield>
    <subfield code="4">0</subfield>
    <subfield code="7">0</subfield>
    <subfield code="a">BCEJYS</subfield>
    <subfield code="b">BCEJYS</subfield>
    <subfield code="c">17</subfield>
    <subfield code="d">1996-04-01</subfield>
    <subfield code="h">A&#xF1;o 2, N&#xBA; 2 - abr. 1996</subfield>
    <subfield code="l">0</subfield>
    <subfield code="o">H330 UNS 2</subfield>
    <subfield code="p">R20451</subfield>
    <subfield code="r">2026-04-10 16:09:00</subfield>
    <subfield code="w">2026-04-10</subfield>
    <subfield code="y">RN</subfield>
  </datafield>
</record>
